000 00758cam a2200241 a 4500
001 2879263
005 20250903155116.0
008 860815s1986 txu b 001 0 eng
020 _a0849905834
020 _a9780849905834
050 0 0 _aBV4012.2
_b.V37 1986
082 0 0 _a616.85/2
_219
100 1 _aVath, Raymond E.
245 1 0 _aCounseling those with eating disorders /
_cRaymond E. Vath.
260 _aWaco, Tex. :
_bWord Books,
_cc1986.
300 _a214 p. ;
_c24 cm.
440 0 _aResources for Christian counseling ;
_vv. 4
500 _aIncludes index.
650 0 _aPastoral counseling.
650 0 _aEating disorders
_xPatients
_xPastoral counseling of.
650 0 _aEating disorders
_xReligious aspects
_xChristianity.
942 _2lcc
_cBK
_n0
999 _c7458
_d7458